Giáo trình Quản lý tốt hơn xử lý nước thải trại chăn nuôi heo quy mô lớn

Trình bày nguồn và hiện trạng xử lý chất thải chăn nuôi, ảnh hưởng chất thải chăn nuôi đối với môi trường, lây truyền mầm bệnh trong chất thải chăn nuôi, quản lý và chiến lược làm giảm lây truyền mầm bệnh trong chất thải, xử lý sinh...

Cijeli opis

Spremljeno u:
Bibliografski detalji
Glavni autor: Dương, Nguyên Khang
Daljnji autori: Bộ Giáo dục và Đào tạo
Format: Knjiga
Jezik:Undetermined
Izdano: Tp. Hồ Chí Minh Đại học Quốc gia Tp. Hồ Chí Minh 2019
Teme:
Online pristup:http://lrc.tdmu.edu.vn/opac/search/detail.asp?aID=2&ID=38556
Oznake: Dodaj oznaku
Bez oznaka, Budi prvi tko označuje ovaj zapis!
Thư viện lưu trữ: Trung tâm Học liệu Trường Đại học Thủ Dầu Một
LEADER 01289nam a2200217Ia 4500
001 TDMU_38556
008 210410s9999 xx 000 0 und d
082 |a 372.112 
090 |b D561 
100 |a Dương, Nguyên Khang 
245 0 |a Giáo trình Quản lý tốt hơn xử lý nước thải trại chăn nuôi heo quy mô lớn 
245 0 |c Dương Nguyên Khang 
260 |a Tp. Hồ Chí Minh 
260 |b Đại học Quốc gia Tp. Hồ Chí Minh 
260 |c 2019 
300 |a 240tr., XLII 
520 |a Trình bày nguồn và hiện trạng xử lý chất thải chăn nuôi, ảnh hưởng chất thải chăn nuôi đối với môi trường, lây truyền mầm bệnh trong chất thải chăn nuôi, quản lý và chiến lược làm giảm lây truyền mầm bệnh trong chất thải, xử lý sinh học yếm khí, hiếu khí và lắng tụ... 
650 |a Chăn nuôi  |x Trại chăn nuôi  |x Xử lí nước thải  |x Quản lí  |v Giáo trình 
700 |a Bộ Giáo dục và Đào tạo 
856 |u http://lrc.tdmu.edu.vn/opac/search/detail.asp?aID=2&ID=38556 
980 |a Trung tâm Học liệu Trường Đại học Thủ Dầu Một